BOREAS TGB-1 soil CH₄ and CO₂ profile data from NSA tower sites /

Bibliographic Details
Main Authors: Crill, Patrick (Author), Varner, Ruth K. (Author)
Format: Government Document eBook
Language:English
Published: Greenbelt, Maryland : National Aeronautics and Space Administration, Goddard Space Flight Center, November 2000.
Series:Technical report series on the Boreal Ecosystem-Atmosphere Study (BOREAS) ; 218.
NASA technical memorandum ; 2000-209891.
Subjects:
Online Access:https://purl.fdlp.gov/GPO/LPS78583

MARC

Tag First Indicator Second Indicator Subfields
LEADER 00000cam a2200000Ii 4500
001 in00002257421
005 20211129152854.0
006 m o d f
007 cr cn|||||||||
008 070215e200011 mdu obt f000 0 eng d
019 |a 839754549 
035 |a (OCoLC)ocm83760012 
040 |a GPO  |b eng  |e rda  |e pn  |c GPO  |d OCLCQ  |d OCLCO  |d OCLCQ  |d GPO  |d MvI 
049 |a WWW 
074 |a 0830-D (online) 
086 0 |a NAS 1.15:209891/VOL 218 
100 1 |a Crill, Patrick,  |e author. 
245 1 0 |a BOREAS TGB-1 soil CH₄ and CO₂ profile data from NSA tower sites /  |c Patrick Crill and Ruth K. Varner. 
246 3 |a Boreal ecosystem atmosphere study trace gas biogeochemistry 1 soil methane and carbon dioxide profile data from Northern Study Area tower sites 
264 1 |a Greenbelt, Maryland :  |b National Aeronautics and Space Administration, Goddard Space Flight Center,  |c November 2000. 
300 |a 1 online resource (16 pages). 
336 |a text  |b txt  |2 rdacontent 
337 |a computer  |b c  |2 rdamedia 
338 |a online resource  |b cr  |2 rdacarrier 
490 1 |a Technical report series on the Boreal Ecosystem-Atmosphere Study (BOREAS) ;  |v volume 218 
490 1 |a NASA/TM ;  |v 2000-209891, vol. 218 
500 |a "November 2000." 
500 |a "Performing organization: Goddard Space Flight Center"--Report documentation page. 
504 |a Includes bibliographical references (page 14). 
513 |a Technical memorandum. 
536 |a Sponsored by the National Aeronautics and Space Administration  |d 923  |d RTOP: 923-462-33-01  |d 2000-03136-0 
538 |a Mode of access: Internet from the NTRS web site. Address as of 2/15/07: http://ntrs.nasa.gov/archive/nasa/casi.ntrs.nasa.gov/20010022799%5F2001031305.pdf; current access is available via PURL. 
588 |a Description based on online resource; title from PDF title page (NASA, viewed Feb. 13, 2007). 
650 7 |a Biogeochemistry.  |2 nasat 
650 7 |a Carbon dioxide concentration.  |2 nasat 
650 7 |a Data acquisition.  |2 nasat 
650 7 |a Ecosystems.  |2 nasat 
650 7 |a Gas composition.  |2 nasat 
650 7 |a Methane.  |2 nasat 
650 7 |a Remote sensing.  |2 nasat 
650 7 |a Soils.  |2 nasat 
650 7 |a Trace contaminants.  |2 nasat 
700 1 |a Varner, Ruth K.,  |e author. 
710 2 |a Goddard Space Flight Center,  |e issuing body. 
776 0 8 |i Print version:  |t Boreas tgb-1 soil ch4 and co2 profile data from nsa tower sites ... nasa/tm-2000-209891/vol. 218 ... apr. 10, 2001  |w (OCoLC)62682878 
776 0 8 |i Microfiche version:  |a Crill, Patrick.  |t BOREAS TGB-1 soil CH4 and CO2 profile data from NSA tower sites  |w (OCoLC)182630367 
830 0 |a Technical report series on the Boreal Ecosystem-Atmosphere Study (BOREAS) ;  |v 218. 
830 0 |a NASA technical memorandum ;  |v 2000-209891. 
856 4 0 |u https://purl.fdlp.gov/GPO/LPS78583  |t 0 
999 f f |s 9bdffa02-8de7-3f38-86fd-e16bb852a0d2  |i 8af2b992-9d3e-3f15-bb85-7b1ff2ff9553  |t 0 
952 f f |a Texas A&M University  |b College Station  |c Electronic Resources  |d Available Online  |t 0  |e NAS 1.15:209891/VOL 218  |h Superintendent of Documents classification 
998 f f |a NAS 1.15:209891/VOL 218  |t 0  |l Available Online